| 000 | 01139nam a2200241Ia 4500 | ||
|---|---|---|---|
| 003 | Ost | ||
| 005 | 20260507074907.0 | ||
| 008 | 260507s9999||||xx |||||||||||||| ||und|| | ||
| 040 | _cfsecg | ||
| 041 | _aara | ||
| 082 | _a658.56 | ||
| 100 |
_aماضي، محمد توفيق _eمؤلف |
||
| 245 | 0 |
_aتطبيقات إدارة الجودة الشاملة في المنظمات الخدمية في مجالي الصحة والتعليم : _bنموذج مفاهيمي مقترح / _c محمد توفيق ماضي |
|
| 260 |
_aالقاهرة: _bالمنظمة العربية للتنمية الإدارية, _c2005 |
||
| 300 |
_a117 صفحة؛ _bإيضاحات ؛ _c24 سم |
||
| 490 |
_aسلسلة بحوث ودراسات _v358 |
||
| 504 | _aببليوغرافيا: ص.106 | ||
| 520 | _aجودة الخدمة، إدارة الجودة الشاملة، تطبيقات نظم إدارة الجودة الشاملة، نموذج مقترح لإدارة الجودة الشاملة | ||
| 653 | _aالخدمات الإجتماعية | ||
| 653 | _aضبط الجودة | ||
| 653 | _aضبط الجودة- التعليم | ||
| 942 | _cكتاب | ||
| 999 |
_c41703 _d41703 |
||